00696nam a2200169Ia 4500003000900000005001700009008004100026040003100067040001300098041000800111100002700119245002400146260004600170300001700216490001900233520027400252IT-RoPAU20220918175854.0120407s9999 xx 000 0 und d aIT-RoPAUc20130626085722.0 cIT-RoPAU aita aBruno Carmine Giovanni aBriciole di Mistero aRoncade (Treviso)bGrafiche DI. PROc1991 a41 p.c21 cm aEdizioni Segno aIndice 1. Primo incontro 2. La Lucciola Eucaristica 3. L'Incenso 4. Il Giorno del Signore 5. Pane e VIno 6. Venite e Mangiate all'ora convenuta 7. Nascita di Isacco 8. Tempo Sacro 9. Pellegrinaggio Mariano 10. La Legge dell'Amore 11. Confesso 12. Un Fiore sull'Altare